Türkiye Sosyal Demokrat (Record no. 11376)

MARC details
000 -BAŞLIK
Sabit Uzunlukta Kontrol Alanı 01024na a2200313 4500
001 - KONTROL NUMARASI
Denetim Alanı 21739
003 - KONTROL NUMARASI IDENTIFIER
Denetim Alanı MIRAKIL
005 - SON İŞLEM TARİHİ VE ZAMANI
Denetim Alanı 20181226092843.0
008 - SABİT-BOY VERİ ELEMANLARI - GENEL BİLGİLER
Sabit Uzunlukta Kontrol Alanı 170215b tu n0 0 0
035 ## - SİSTEM KONTROL NUMARASI
Sistem Kontrol Numarası 20918
040 ## - KATALOGLAMA KAYNAK
Orijinal Kataloglama Ajansı Milas
Kataloglama Dili tur
Metne Dönüştürmek Ajansı TR-AnCHP
041 ## - DİL KODU
Metin / Ses Parça Veya Ayrı Başlığın Dil Kodu tur
082 ## - DEWEY ONLU SINIFLANDIRMA NUMARASI
Sınıflandırma Numarası CHP 050
Ürün Numarası TSD 2003-
090 ## - SINIFLAMA NUMARASI
Sınıflama Numarası 050 DER 4
245 ## - BAŞLIK TABLOSU
Başlık Türkiye Sosyal Demokrat
246 ## - UNVAN FORM VARYING
Başlık Doğru / Kısa Başlığı Türkiye Sosyal Demokrat dergisi
260 ## - YAYIN, DAĞITIM, VB
Yayın, Dağıtım, Vb Yeri İstanbul
Yayıncı, Dağıtıcı, Vs Adı Yıldız Yıldırım
Yayın, Dağıtım, Vb Tarihi 2003-
300 ## - FİZİKSEL TANIM
Kapsam c.
Diğer Fiziksel Ayrıntıları res.
Boyutlar 27 sm.
321 ## - ESKİ YAYIN FREKANSI
Eski Yayın Frekansı Aylık
362 ## - YAYIN VE / VEYA SIRALI GÖREVLENDİRİLMESİNE TARİHLERİ
Yayın Ve / Veya Ardışık Kullanım Amacı Tarihleri 1. sayı Ağustos 2003 -
500 ## - GENEL NOT
Genel Not Aylık siyasi aktüel dergi
500 ## - GENEL NOT
Genel Not Mevcut sayılar:(1)Mart 2003; (2)Nisan 2003;(3) Mart 2003; (4-5) Haziran-Temmuz 2003; (6) Ağustos 2003; Ocak 2004; (10) Mart 2005; (16) Kasım 2006
610 ## - KONU KATMA GİRİŞ - TOPLANTI ADI
Giriş Elemanı Olarak Kurumsal Ad Veya Yargı Alanı Adı Cumhuriyet Halk Partisi (CHP)
Genel Alt Bölüm Süreli yayınlar
650 ## - KONU KATMA GİRİŞ - TOPİKAL DÖNEM
Topikal Süreli Veya Coğrafi Ad Giriş Elemanı Siyaset ve yönetim
Genel Alt Bölümü Süreli yayınlar
651 ## - KONU KATMA GİRİŞ - COĞRAFİ ADI
Coğrafi İsim Türkiye
Genel Alt Bölümü Siyaset ve yönetim
Kronolojik Alt Bölümü Süreli yayınlar
910 ## - KULLANICI SEÇENEK, VERİLERİN (OCLC)
Kullanıcı Seçenek Veri DERGİ 4
942 ## - EKLENDİ GİRİŞ ELEMANLARI (KOHA)
Sınıflandırma Veya Raf Düzeni Kaynak Dewey Decimal Classification
Koha Öğesi Türü Serials
999 ## - SİSTEM KONTROL NUMARALARI (KOHA)
Koha Biblionumber 11376
Koha Biblioitemnumber 11376
310 ## - MEVCUT YAYIN FREKANSI
Güncel Yayın Frekansı Aylık
Holdings
Kullanım Kısıtlamaları Kalıcı Konum Mevcut Konum Edinme Tarihi Kodlu Konum Eleme Toplam Check-Out'Lar Tam Çağrı Numarası Barkod Tarih Son Görülme İtibaren Geçerli Fiyatlar Sigara Kamu Notu Koha Öğesi Türü
Kütüphane dışına çıkarılamaz CHP Kütüphanesi CHP Kütüphanesi 02/07/2017 SÜRELİ YAYINLAR   CHP 050 DER 22 D004 02/07/2017 02/07/2017 Serials